<?xml version="1.0" encoding="UTF-8"?>
<record
    xmlns:xsi="http://www.w3.org/2001/XMLSchema-instance"
    xsi:schemaLocation="http://www.loc.gov/MARC21/slim http://www.loc.gov/standards/marcxml/schema/MARC21slim.xsd"
    xmlns="http://www.loc.gov/MARC21/slim">

  <leader>00548nam a22001577a 4500</leader>
  <controlfield tag="005">20120613145532.0</controlfield>
  <datafield tag="020" ind1=" " ind2=" ">
    <subfield code="a">8121206626</subfield>
    <subfield code="c">Rs. 485.00 (hbk)</subfield>
  </datafield>
  <datafield tag="035" ind1=" " ind2=" ">
    <subfield code="a">B-28188</subfield>
  </datafield>
  <datafield tag="037" ind1=" " ind2=" ">
    <subfield code="a">DPL</subfield>
    <subfield code="b">ENG</subfield>
  </datafield>
  <datafield tag="100" ind1=" " ind2=" ">
    <subfield code="a">Sen, Sankar</subfield>
    <subfield code="9">48971</subfield>
  </datafield>
  <datafield tag="245" ind1=" " ind2=" ">
    <subfield code="a">Police in democratic societies /</subfield>
    <subfield code="c">by Sankar Sen</subfield>
  </datafield>
  <datafield tag="260" ind1=" " ind2=" ">
    <subfield code="a">New Delhi</subfield>
    <subfield code="b">Gyan Publishing House</subfield>
    <subfield code="c">2000</subfield>
  </datafield>
  <datafield tag="300" ind1=" " ind2=" ">
    <subfield code="a">249p.</subfield>
    <subfield code="c">20 cms.</subfield>
  </datafield>
  <datafield tag="942" ind1=" " ind2=" ">
    <subfield code="2">ddc</subfield>
    <subfield code="c">EN</subfield>
    <subfield code="h">363.2</subfield>
    <subfield code="m">SEN</subfield>
  </datafield>
  <datafield tag="999" ind1=" " ind2=" ">
    <subfield code="c">67870</subfield>
    <subfield code="d">67870</subfield>
  </datafield>
  <datafield tag="952" ind1=" " ind2=" ">
    <subfield code="0">0</subfield>
    <subfield code="1">0</subfield>
    <subfield code="4">0</subfield>
    <subfield code="7">0</subfield>
    <subfield code="8">NFIC</subfield>
    <subfield code="a">ZLS</subfield>
    <subfield code="b">ZLS</subfield>
    <subfield code="d">2012-06-13</subfield>
    <subfield code="g">485.00</subfield>
    <subfield code="l">0</subfield>
    <subfield code="o">363.2 SEN</subfield>
    <subfield code="p">B-28188</subfield>
    <subfield code="r">2012-06-13 00:00:00</subfield>
    <subfield code="v">485.00</subfield>
    <subfield code="w">2012-06-13</subfield>
    <subfield code="y">EN</subfield>
  </datafield>
</record>
